00564nam a2200169Ia 4500008004100000020001800041041000800059082001600067100002100083245004800104250000600152260004600158300001200204650003100216999001900247952012800266210716s2009 xx 000 0 und d a9788131805190 aeng a003.55 KUMR aKumar, Rajendra. aInformation and communication technologies. a1 aNew DelhibUniversity Science Pressc2009 axii,401 aInformation Theory(003.54) c191921d191921 001040708MCAaAIMITbAIMITeAthulya Booksg230.00l0o003.55 KUMRpMCA11429r2025-07-21 00:00:00v172.50w2021-07-16yBK